• 首页
  • 本馆介绍
  • 公告通知
  • 最新文献
  • 馆藏检索
  • 电子资源
  • 读者导购
  • 参考咨询
  • 我的图书馆
  • 登录
  • 详细信息显示
  • 放入我的书架
  • 预约/预借图书
  • 作者相关作品
  • 分类相关作品
  • 丛书相关作品
  • 出版社相关作品

书目信息

  • 表格格式
  • 工作单格式
  • 卡片格式
题名:
中国海洋政治地理学
    
 
作者: 张耀光 著
分册:  
出版信息: 北京   科学出版社  2004
页数: 174页
开本: 26cm
丛书名:
单 册:
中图分类: K928.19
科图分类:
主题词: 海洋地理学--政治地理学--中国
电子资源:
ISBN: 7-03-012090-6
000 01007nam0 2200241 45
001 002524928
005 20050404091046.8
010    @a7-03-012090-6@dCNY29.00
100    @a20031210d2004 em y0chiy0110 ea
101 0  @achi
102    @aCN@b110000
105    @ay z 000yy
200 1  @a中国海洋政治地理学@Azhong guo hai yang zheng zhi di li xue@e海洋地缘政治与海疆地理格局的时空演变@f张耀光著@FZhang Yao Guang Zhu
210    @a北京@c科学出版社@d2004
215    @a174页@d26cm
300    @a国家自然科学基金资助项目 教育部人文社会科学重点研究基地、大连市人民政府、辽宁师范大学资助出版
330    @a本书系统地论述了中国可管辖海域、海洋权益的斗争与维护、海域的划分、海洋邻国的海洋法律制度,以及我国与海洋邻国的关系等。
517 1  @a海洋地缘政治与海疆地理格局的时空演变@Ahai yang di yuan zheng zhi yu hai jiang di li ge ju de shi kong yan bian
606 0  @a海洋地理学@x政治地理学@y中国
690    @aK928.19@v4
701  0 @a张耀光@4著
801  0 @aCN@bNLC@c20040224
905    @f5@b347694-698@dK928.19@e277
    
    中国海洋政治地理学:海洋地缘政治与海疆地理格局的时空演变/张耀光著.-北京:科学出版社,2004
    174页;26cm
    国家自然科学基金资助项目 教育部人文社会科学重点研究基地、大连市人民政府、辽宁师范大学资助出版
    
    ISBN 7-03-012090-6:CNY29.00
    本书系统地论述了中国可管辖海域、海洋权益的斗争与维护、海域的划分、海洋邻国的海洋法律制度,以及我国与海洋邻国的关系等。
●
相关链接 在E读中查询图书 在五车中查询图书 在当当中查询图书 在豆瓣中查询图书


正题名:中国海洋政治地理学     索取号:K928.19/277         预约/预借

序号 登录号 条形码 馆藏地/架位号 状态 备注
1 0347694   203476942   第二样本阅览室/ [索取号:K928.19/277] 在馆    
2 0347695   203476951   第二借阅区/ [索取号:K928.19/277] 在馆    
3 0347696   203476960   密集书库/ [索取号:K928.19/277] 在馆    
4 0347697   203476979   第二借阅区/ [索取号:K928.19/277] 在馆    
5 0347698   203476988   密集书库/ [索取号:K928.19/277] 在馆    
6 0358073   3580734   密集书库/ [索取号:K928.19/277] 在馆    
7 0358074   3580743   第二借阅区/ [索取号:K928.19/277] 在馆    
8 0358075   3580752   密集书库/ [索取号:K928.19/277] 在馆    
9 0358076   3580761   密集书库/ [索取号:K928.19/277] 在馆    
10 0358077   3580770   第二借阅区/ [索取号:K928.19/277] 在馆    
唐山师范学院图书馆 欢迎您!
大连网信软件有限公司© 版权所有